Harry Potter Characters by Names In Other Languages - Statistics

General Stats
  • This quiz has been taken 262 times
  • The average score is 12 of 20
Answer Stats
Character Language Character % Correct
Drago Malefoy French Draco Malfoy
100%
Haris Poteris Lithuanian Harry Potter
100%
Lord Cap-De-Mort Romanian Lord Voldemort
98%
Minerva McGranitt Italian Minerva McGonagall
97%
Dolora Nidkjær Danish Dolores Umbridge
93%
Siriws Ddu Welsh Sirius Black
93%
Baltuss Dumidors Latvian Albus Dumbledore
85%
Рон Візлі Ukrainian Ron Weasley
81%
Edwiges Portuguese Hedwig
73%
Horatius Kuhnusarvio Finnish Horace Slughorn
67%
Гермиона Грэйнджер Russian Hermione Granger
61%
Gilbert Decors Catalan Gilderoy Lockhart
46%
Lenka Láskorádová Czech Luna Lovegood
44%
Marcel Lubbermans Dutch Neville Longbottom
27%
Zgredek Polish Dobby
20%
Perselus Piton Hungarian Severus Snape
20%
リーマス・ルーピン Japanese Remus Lupin
15%
Ρούμπεους Χάγκριντ Greek Rubeus Hagrid
14%
Fredrik Djervell Norwegian Cedric Diggory
12%
Krasotilya L'Ohol Slovenian Bellatrix Lestrange
7%
No matching quizzes found
Score Distribution
Percent of People with Each Score
Percentile by Number Answered
Your Score History
You have not taken this quiz